LEADER 01091nam a2200241 i 4500 001 000000066326 003 CaOOAMICUS 005 20131218000000.0 008 131218s1984 it u000 u ita u 013 $a37498 040 $aSeMil$bita 100 1 $aFerrari, Pier Luigi.$0(OLS)http://semarc/name/33294 245 10$aPersonalismo e cristologia :$bla meditazione cristologica di Jean Mouroux /$cPier Luigi Ferrari. 260 $aMilano :$bIstituto Propaganda Libraria,$ccopyr. 1984. 300 $a285 p. ;$c21 cm. 490 0 $aFede e cultura 500 $aContiene : Bibliografia di J. Mouroux ; Nota biografica e bibliografica. 650 4$aMouroux, Jean <1901-1973>.$0(OLS)http://semarc/subject/6274 830 0$aFede e cultura.$0(OLS)http://semarc/title/7661 850 $aSeMil 852 $aSeMil$W1$xVenegono$y1$m2N III 119$j32479$B32479$CSeMilBibl$Z2$F32482 $81 996 $6245$aPersonalismo e cristologia :$bla meditazione cristologica di Jean Mouroux$9(OLS)http://semarc/title/105472 996 $6260$aMilano :$bIstituto Propaganda Libraria$9(OLS)http://semarc/publisher/31513 LEADER 01357nam a2200301 i 4500 001 000000098699 003 CaOOAMICUS 005 20171115000000.0 008 171115s2016 it u000 u ita u 013 $a70851 020 $a978-88-6843-504-2 040 $aSeMil$bita 100 1 $aSchultz, Philip.$0(OLS)http://semarc/name/92539 240 10$aMy Dyslexia.$0(OLS)http://semarc/title/406343 245 13$aLa mia dislessia :$bricordi di un premio Pulitzer che non sapeva né leggere né scrivere /$cPhilip Schultz ; Traduzione di Paola Splendore. 250 $aSeconda edizione italiana con una nuova Prefazione dell'autore. 260 $aRoma :$bDonzelli,$ccopyr. 2016. 300 $a110 p. ;$c17 cm. 490 0 $aSaggine ;$v272 650 4$aDislessia.$0(OLS)http://semarc/subject/35252 700 1 $aSplendore, Paola.$0(OLS)http://semarc/name/28120 830 0$aSaggine ;$v272.$0(OLS)http://semarc/title/16551 850 $aSeMil 852 $aSeMil$W1$xVenegono$y1$m1V I 348$j56444$B56444$CSeMilBibl$Z2$F66210 $81 961 $aOmaggio: Milanesi don Davide 996 $6020$a978-88-6843-504-2$9(OLS)http://semarc/number/272225 996 $6245$aLa mia dislessia :$bricordi di un premio Pulitzer che non sapeva né leggere né scrivere$9(OLS)http://semarc/title/406342 996 $6260$aRoma :$bDonzelli$9(OLS)http://semarc/publisher/31453 LEADER 01127nam a2200301 i 4500 001 000000111755 003 CaOOAMICUS 005 20090811000000.0 008 090811s1985 it u000 u ita u 013 $a84437 020 $a88-263-0429-7 040 $aSeMil$bita 100 1 $aCongar, Yves,$c.$0(OLS)http://semarc/name/3722 245 13$aLa parola e il soffio /$cYves Congar. 260 $aRoma :$bBorla,$cstampa 1985. 300 $a166 p. ;$c21 cm. 490 0 $aKyrios : collana di cristologia 500 $aFondo Card. C.M. Martini. 650 4$aCristologia.$0(OLS)http://semarc/subject/173 650 4$aPneumatologia.$0(OLS)http://semarc/subject/1581 830 0$aKyrios [Borla].$0(OLS)http://semarc/title/11225 850 $aSeMil 852 $aSeMil$W1$xVenegono$y1$m2B II 100$j67568$B67568$CSeMilBibl$Z2$F85523 $81 941 1 $a4 961 $aOmaggio: Martini Card. Carlo Maria 996 $6020$a88-263-0429-7$9(OLS)http://semarc/number/94053 996 $6245$aLa parola e il soffio$9(OLS)http://semarc/title/162756 996 $6260$aRoma :$bBorla$9(OLS)http://semarc/publisher/29677